书目信息 |
| 题名: |
感受大海的时候
|
|
| 作者: | 中泽惠 , Nakazawa Ker 著 ;许金龙 , 原善 主编 | |
| 分册: | ||
| 出版信息: | 北京 中国文联出版社 2001.09 |
|
| 页数: | 329页 | |
| 开本: | 21cm | |
| 丛书名: | 中日女作家新作大系 | |
| 单 册: | ||
| 中图分类: | I313.45 | |
| 科图分类: | ||
| 主题词: | 长篇小说--日本--现代 , 短篇小说--作品集--日本--现代 | |
| 电子资源: | ||
| ISBN: | 7-5059-3911-4 | |
| 000 | 01122nam2 2200313 45 | |
| 001 | 012004000000 | |
| 005 | 20041207150408.04 | |
| 010 | @a7-5059-3911-4@dCNY 18.00 | |
| 100 | @a20040315d2001 em y0chiy0121 ea | |
| 101 | 0 | @achi@cjpn |
| 102 | @aCN@b110000 | |
| 105 | @aac z 000ay | |
| 200 | 1 | @a感受大海的时候@Agan shou dai hai de shi hou@f(日)中泽惠(Nakazawa Ker)著 |
| 210 | @a北京@c中国文联出版社@d2001.09 | |
| 215 | @a329页@c图, 肖像@d21cm | |
| 225 | 2 | @a中日女作家新作大系@i日本方阵@f许金龙, (日)原善主编 |
| 314 | @a中泽惠(Nakazawa Kei, 1959-)早在就读于高中时, 就写出了自传体小说《感受大学的时候》,并因此而获得群像文学新人奖。 | |
| 330 | @a本书内容: 感受大海的时候; 春宵; 卡拉OK流放地; 樱花刺; 乐队的兔子...... | |
| 410 | 0 | @12001 @a中日女作家新作大系 |
| 410 | 0 | @12001 @a日本方阵 |
| 606 | 0 | @a长篇小说@y日本@z现代 |
| 606 | 0 | @a短篇小说@j作品集@y日本@z现代 |
| 690 | @aI313.45@v4 | |
| 701 | 0 | @a中泽惠@Azhong ze hui@4著 |
| 701 | A1 | @aNakazawa Ker@4著 |
| 702 | 0 | @a许金龙@Axu jin long@4主编 |
| 702 | 0 | @a原善@Ayuan shan@4主编 |
| 801 | 0 | @aCN@bQSSKzyf@c20041207 |
| 905 | @a10447@dI313.45@eZ719 | |
| 感受大海的时候/(日)中泽惠(Nakazawa Ker)著.-北京:中国文联出版社,2001.09 |
| 329页:图, 肖像;21cm.-(中日女作家新作大系.日本方阵/许金龙, (日)原善主编) |
| ISBN 7-5059-3911-4:CNY 18.00 |
| 本书内容: 感受大海的时候; 春宵; 卡拉OK流放地; 樱花刺; 乐队的兔子...... |
| ● |
| 相关链接 |
|
|
|
正题名:感受大海的时候
索取号:I313.45/Z719
 
预约/预借
| 序号 | 登录号 | 条形码 | 馆藏地/架位号 | 状态 | 备注 |
| 1 | 430924 | 204309248 | 文学库116/116文学库 15排2列5层/ [索取号:I313.45/Z719] | 在馆 | |
| 2 | 430925 | 204309257 | 社科二线400B/400B社科库 6排3列5层/ [索取号:I313.45/Z719] | 在馆 | |
| 3 | 430926 | 204309266 | 社科二线422/422社科库 29排3列3层/ [索取号:I313.45/Z719] | 在馆 |